Flagi Europy - Statystyki

Ogólne statystyki
  • Ten quiz został rozwiązany 220 razy
  • Średni wynik to 13 z 15
Statystyki odpowiedzi
Obrazkowy Odpowiedź % Poprawnych
Rosja
100%
Niemcy
97%
Polska
97%
Ukraina
97%
Wielka Brytania
97%
Włochy
97%
Estonia
90%
Austria
89%
Irlandia
89%
Malta
88%
Litwa
87%
Watykan
87%
Liechtenstein
75%
Andora
74%
Gruzja
66%
Nie znaleziono quizów pasujących do podanych kryteriów
Rozkład punktacji
Procent ludzi z każdym wynikiem
Percentyl według liczby udzielonych odpowiedzi
Twoja historia wyników
Nie rozwiązałeś tego quizu